000
00315nam a22001457a 4500
008
210531b ||||| |||| 00| 0 eng d
020
_a
9780078957185
041
_a
eng
080
_a
54
082
_a
54
100
_a
12
101
_a
KIM
245
_a
Chemistry Matter and Change
_c
Braaton,B
942
_2
udc
_c
BK
999
_c
57817
_d
57817